[Event "Titled Tue 27th May Late"]
[Site "chess.com INT"]
[Date "2025.05.27"]
[Round "2"]
[White "Altini, Nicola"]
[Black "Dominguez, Ramiro"]
[Result "0-1"]
[WhiteTitle "IM"]
[BlackTitle "FM"]
[WhiteElo "2357"]
[BlackElo "2185"]
[WhiteFideId "833924"]
[BlackFideId "4420055"]
[EventDate "2025.05.27"]

1. d4 Nf6 2. c4 e6 3. Nc3 d5 4. cxd5 exd5 5. Bg5 c6 6. e3 Bf5 7. Qf3 Bg6 8. Bxf6
Qxf6 9. Qxf6 gxf6 10. Nh3 Bd6 11. Ne2 Nd7 12. Nef4 O-O-O 13. Bd3 Rde8 14. O-O
Nf8 15. Rfd1 Ne6 16. g3 Nxf4 17. Nxf4 Bxf4 18. gxf4 Bxd3 19. Rxd3 f5 20. Kf1
Rhg8 21. b4 Rg6 22. a4 Reg8 23. Ke2 Rh6 24. b5 Rxh2 25. Rc3 Rgg2 26. Rf1 Kc7 27.
a5 a6 28. b6+ Kd6 29. Kf3 Rg6 30. Rcc1 Rgg2 31. Rc2 h5 32. Rh1 Rxf2+ 33. Rxf2
Rxh1 34. Kg3 Re1 35. Kf3 Rh1 36. Kg3 Ra1 37. Kh4 Rxa5 38. Kxh5 Ke6 39. Rg2 Rb5
40. Rg8 Kf6 41. Rh8 Rxb6 42. Rh6+ Ke7 43. Kg5 a5 44. Kxf5 a4 45. Ke5 a3 46. f5
a2 47. f6+ Kd7 48. Rh8 a1=Q 49. Rf8 Qe1 50. Rxf7+ Ke8 51. Re7+ Kf8 52. Kd6 Qb4+
53. Kd7 Ra6 54. Rh7 Kg8 55. Rg7+ Kh8 56. Rg3 Ra8 57. f7 Rf8 58. Ke6 Qa3 59. Kf6
Qd6+ 0-1

[Event "Titled Tue 27th May Late"]
[Site "chess.com INT"]
[Date "2025.05.27"]
[Round "2"]
[White "Vykouk, Jan"]
[Black "Hartge, Gedeon"]
[Result "1-0"]
[WhiteTitle "IM"]
[BlackTitle "FM"]
[WhiteElo "2496"]
[BlackElo "2328"]
[WhiteFideId "349658"]
[BlackFideId "12932116"]
[EventDate "2025.05.27"]

1. e4 c5 2. Nf3 e6 3. d4 cxd4 4. Nxd4 a6 5. c4 Nf6 6. Nc3 Qc7 7. a3 b6 8. f4 d6
9. Bd3 Bb7 10. Be3 Be7 11. O-O Nbd7 12. b4 Rc8 13. Rc1 Qb8 14. f5 e5 15. Nb3 O-O
16. Nd5 Bxd5 17. cxd5 Rxc1 18. Nxc1 Rc8 19. Bxa6 Rc3 20. Bd3 Rxa3 21. Qc2 Nxe4
22. Qc6 Nef6 23. Bf2 e4 24. Bxe4 Ne5 25. Qc2 Nfg4 26. Bd4 Bf6 27. Qb2 Ra8 28. h3
Nc4 29. Qc3 Bxd4+ 30. Qxd4 Nge5 31. Nd3 f6 32. Nf4 b5 33. Rc1 Qa7 34. Qxa7 Rxa7
35. Ne6 Ra4 36. Nd4 Rxb4 37. Ra1 Ra4 38. Rb1 b4 39. Bc2 Na3 40. Rc1 Nxc2 41.
Rxc2 h5 42. Rc8+ Kh7 43. Ne6 b3 44. Rb8 Ra3 45. h4 Nd3 46. Nf8+ Kh6 47. Ng6 Ra1+
48. Kh2 1-0

[Event "Titled Tue 27th May Late"]
[Site "chess.com INT"]
[Date "2025.05.27"]
[Round "2"]
[White "Tsydypov, Zhamsaran"]
[Black "Zhu, Jiner"]
[Result "1-0"]
[WhiteTitle "GM"]
[BlackTitle "GM"]
[WhiteElo "2514"]
[BlackElo "2541"]
[WhiteFideId "4108566"]
[BlackFideId "8608059"]
[EventDate "2025.05.27"]

1. e4 c5 2. Nf3 d6 3. d4 cxd4 4. Nxd4 Nf6 5. Nc3 a6 6. Nb3 Nc6 7. h3 e6 8. g4 b5
9. Bg2 Bb7 10. a3 Be7 11. g5 Nd7 12. f4 Rc8 13. O-O O-O 14. h4 Na5 15. Nxa5 Qxa5
16. Be3 Rxc3 17. bxc3 Qxc3 18. Qd3 Rc8 19. Bf2 Qa5 20. Rfc1 Nc5 21. Qe3 Na4 22.
c3 g6 23. f5 e5 24. h5 Rxc3 25. Rxc3 Qxc3 26. Rc1 Qxe3 27. Bxe3 Bd8 28. f6 Nb2
29. hxg6 hxg6 30. Bf1 Kf8 31. Rc2 Na4 32. Bd3 d5 33. exd5 Bxd5 34. Rc8 Ke8 35.
Be2 Be6 36. Ra8 Nc3 37. Bf1 Nd5 38. Bc5 Kd7 39. Rxa6 Nc7 40. Rd6+ Kc8 41. Bb6
Kb7 42. Ba5 Kc8 43. Bg2 Bc4 44. Bh3+ Be6 45. Bxe6+ Nxe6 46. Rxe6 fxe6 47. Bxd8
Kxd8 48. Kf2 Kd7 49. Ke3 1-0

[Event "Titled Tue 27th May Late"]
[Site "chess.com INT"]
[Date "2025.05.27"]
[Round "2"]
[White "Yushko, Olga"]
[Black "Aadit, Bhatia"]
[Result "0-1"]
[WhiteTitle "WFM"]
[WhiteElo "2036"]
[BlackElo "2122"]
[WhiteFideId "14114500"]
[BlackFideId "25088955"]
[EventDate "2025.05.27"]

1. d4 e6 2. c4 Nf6 3. Nc3 c5 4. d5 exd5 5. cxd5 d6 6. e4 g6 7. f4 Bg7 8. Bb5+
Nfd7 9. a4 O-O 10. Nf3 a6 11. Be2 Re8 12. O-O c4 13. Bxc4 Nc5 14. e5 Bg4 15. b4
Ncd7 16. Bb2 dxe5 17. fxe5 Nxe5 18. Be2 Bxf3 19. Bxf3 Nc4 20. Qc1 Nd7 21. Nd1
Nxb2 22. Nxb2 Qb6+ 23. Kh1 Qxb4 24. Rb1 Rac8 25. Nd3 Qxa4 26. Qg5 Qc4 27. Nf2
Ne5 28. d6 b5 29. Rfc1 Qe6 30. Ne4 Rxc1+ 31. Rxc1 Nc4 32. Qc5 Rd8 33. Rd1 h6 34.
Qc7 Rd7 35. Nc5 Qxd6 36. Qxd7 Qxc5 37. Qe8+ Qf8 38. Qc6 Qa3 39. Bd5 Qe7 40. Qxa6
Ne3 41. Qa8+ Kh7 42. Re1 Qb4 43. Rg1 Ng4 44. h3 Nf2+ 45. Kh2 Be5+ 46. g3 Qd2 47.
Bg2 Ne4 0-1

[Event "Titled Tue 27th May Late"]
[Site "chess.com INT"]
[Date "2025.05.27"]
[Round "2"]
[White "Kukhmazov, Arsen"]
[Black "Zahedifar, Anahita"]
[Result "1-0"]
[WhiteTitle "IM"]
[BlackTitle "WFM"]
[WhiteElo "2467"]
[BlackElo "2143"]
[WhiteFideId "24108260"]
[BlackFideId "12560715"]
[EventDate "2025.05.27"]

1. e4 c6 2. d4 d5 3. e5 Bf5 4. h4 h5 5. Bd3 Bxd3 6. Qxd3 e6 7. Bg5 Qa5+ 8. Nd2
Nd7 9. Ne2 c5 10. c4 dxc4 11. Qxc4 Rc8 12. O-O Be7 13. Ne4 Nh6 14. Bxe7 Kxe7 15.
Nd6 Rc7 16. Rac1 Qa6 17. Nb5 Rc6 18. Nf4 Nb6 19. Qb3 Qa4 20. Qxa4 Nxa4 21. Nxa7
Ra6 22. Nb5 Rb6 23. b3 Rxb5 24. bxa4 Ra5 25. Rxc5 Rxc5 26. dxc5 Ng4 27. Rb1 Rb8
28. c6 b6 29. a5 Nxe5 30. c7 Rc8 31. axb6 Nd7 32. b7 Rxc7 33. b8=Q Nxb8 34. Rxb8
Ra7 35. Rb2 g6 36. g3 f6 37. Nxg6+ Kd6 38. Nf4 e5 39. Nxh5 Ke6 40. Ng7+ Rxg7 41.
a4 Ra7 42. Ra2 Kd5 43. a5 Kc5 44. Kg2 Kb5 45. Kf3 Ka6 46. Ke4 Rc7 47. Kf5 Rc6
48. h5 Rd6 49. h6 Rd7 50. Kg6 e4 51. h7 Rd8 52. Kxf6 Rf8+ 53. Kg7 1-0

[Event "Titled Tue 27th May Late"]
[Site "chess.com INT"]
[Date "2025.05.27"]
[Round "2"]
[White "Dovgaliuk, Oleksandr"]
[Black "Rustemov, Alexander"]
[Result "0-1"]
[BlackTitle "GM"]
[WhiteElo "2240"]
[BlackElo "2525"]
[WhiteFideId "14167247"]
[BlackFideId "4119002"]
[EventDate "2025.05.27"]

1. e4 e6 2. d4 d5 3. e5 c5 4. c3 Bd7 5. Nf3 Ne7 6. Bd3 Nbc6 7. O-O cxd4 8. cxd4
Nf5 9. Be3 Be7 10. Nc3 Nxe3 11. fxe3 O-O 12. a3 Rc8 13. e4 dxe4 14. Nxe4 Qb6 15.
Qd2 Nxd4 16. Nxd4 Qxd4+ 17. Kh1 Qxe5 18. Rae1 Qd5 19. Nc3 Qd6 20. Rd1 Bc6 21.
Bxh7+ Kxh7 22. Qc2+ Kg8 23. Rxd6 Bxd6 24. Qe2 Be7 25. Ne4 Bd5 26. Nc3 Bc4 27.
Qf2 Bxf1 28. Qxf1 Bf6 29. Na4 b5 30. Nc3 Bxc3 31. bxc3 Rxc3 32. g3 a6 33. Qa1
Rfc8 34. Kg2 g6 35. Kh3 R8c4 36. Qb2 Kg7 37. Qa1 Rc5 38. Qb2 a5 39. Qd2 e5 40.
Qd6 b4 41. axb4 axb4 42. Kh4 b3 43. Kg5 Rc6 44. Qb8 e4 45. Kf4 e3 46. Qe5+ Kh7
47. Qe7 Rc7 48. Qh4+ Kg7 49. Ke5 e2 0-1

[Event "Titled Tue 27th May Late"]
[Site "chess.com INT"]
[Date "2025.05.27"]
[Round "2"]
[White "Graif, William"]
[Black "Kushko, Dmitriy"]
[Result "0-1"]
[WhiteTitle "FM"]
[BlackTitle "IM"]
[WhiteElo "2211"]
[BlackElo "2454"]
[WhiteFideId "2609835"]
[BlackFideId "14162261"]
[EventDate "2025.05.27"]

1. e4 d6 2. Nc3 g6 3. Bc4 Bg7 4. d3 c5 5. f4 Nc6 6. Nf3 e6 7. O-O Nge7 8. Qe1
O-O 9. Qh4 Nd4 10. f5 gxf5 11. Nxd4 cxd4 12. Ne2 fxe4 13. dxe4 Ng6 14. Qg3 Qh4
15. Bf4 Qxg3 16. Bxg3 e5 17. Rf3 Be6 18. Bd3 Bg4 19. Rf2 Bh6 20. Kh1 Be3 21. Rf6
Rad8 22. Raf1 Be6 23. h4 h5 24. c3 dxc3 25. Nxc3 Kg7 26. Nd5 Bxd5 27. exd5 Bf4
28. Bxf4 Nxf4 29. R6xf4 exf4 30. Rxf4 Rde8 31. Rf5 Re5 32. Rxe5 dxe5 33. Be4 f5
34. Bf3 e4 35. Bxh5 Rh8 36. Be2 Rxh4+ 37. Kg1 Kf6 38. g3 Rh7 39. Kf2 Rd7 40. Bc4
Ke5 41. Ke3 Rg7 42. Kf2 Kd4 43. b3 a6 44. a4 Rg6 45. a5 Rg7 46. d6 Rd7 47. Be6
Rxd6 48. Bxf5 Ke5 49. g4 Rd3 50. b4 Rb3 51. Bc8 Rxb4 52. g5 Rb3 53. g6 Kf6 54.
Bf5 Rf3+ 55. Ke2 Rxf5 0-1

[Event "Titled Tue 27th May Late"]
[Site "chess.com INT"]
[Date "2025.05.27"]
[Round "2"]
[White "Rostomyan, Mikayel"]
[Black "Pereyra, Horacio"]
[Result "1-0"]
[WhiteTitle "FM"]
[WhiteElo "2325"]
[BlackElo "2133"]
[WhiteFideId "13313754"]
[BlackFideId "113700"]
[EventDate "2025.05.27"]

1. d4 g6 2. Nf3 Bg7 3. b3 b6 4. Bb2 Bb7 5. e3 Nf6 6. Be2 O-O 7. O-O d6 8. c4
Nbd7 9. a4 a5 10. Nc3 Ne4 11. Qc2 Nxc3 12. Bxc3 e5 13. Rad1 Qe7 14. h3 Rae8 15.
b4 axb4 16. Bxb4 c5 17. dxc5 dxc5 18. Bc3 f5 19. Qd2 Rd8 20. Qd6 Rfe8 21. Qxe7
Rxe7 22. Nh2 Rde8 23. Rd6 Kf7 24. Rfd1 Bc8 25. g4 f4 26. Nf3 h6 27. Nh4 Bf6 28.
Ng2 g5 29. exf4 exf4 30. Bxf6 Nxf6 31. Bf3 Ne4 32. Rxh6 Nc3 33. Rdd6 Ne2+ 34.
Kh2 Re6 35. Bd5 Nd4 36. Bxe6+ Bxe6 37. Ne1 Bxc4 38. Rd7+ Kg8 39. Rxd4 Rxe1 40.
Rd8+ Kg7 41. Rxb6 Bf7 42. Rd7 Re2 43. Rbb7 Rxf2+ 44. Kg1 Ra2 45. Rxf7+ Kg6 46.
Rfc7 Kf6 47. Rxc5 Rxa4 48. Rb6+ Ke7 49. Rc7+ Kd8 50. Rh7 1-0

[Event "Titled Tue 27th May Late"]
[Site "chess.com INT"]
[Date "2025.05.27"]
[Round "2"]
[White "Noroozi, Omid"]
[Black "Demchenko, Anton"]
[Result "1-0"]
[WhiteTitle "IM"]
[BlackTitle "GM"]
[WhiteElo "2266"]
[BlackElo "2619"]
[WhiteFideId "12501190"]
[BlackFideId "4160258"]
[EventDate "2025.05.27"]

1. c4 e5 2. Nc3 Nc6 3. Nf3 Nf6 4. e3 Be7 5. d4 d6 6. Be2 O-O 7. O-O Re8 8. a3 a5
9. Nd5 Bf8 10. dxe5 dxe5 11. Nxf6+ Qxf6 12. Bd2 a4 13. Bc3 Bf5 14. Nd2 Red8 15.
f4 Qe6 16. fxe5 Nxe5 17. Qe1 Nd3 18. Bxd3 Rxd3 19. e4 Bg6 20. Kh1 Rad8 21. Nf3
Bd6 22. Qh4 Be7 23. Qg3 Qxc4 24. Rac1 Qxe4 25. Rce1 Re3 26. Rxe3 Qxe3 27. Re1
Qc5 28. Bb4 Qc6 29. Rxe7 h6 30. Re1 b6 31. Bc3 Re8 32. Ne5 Qd5 33. Nxg6 Rxe1+
34. Qxe1 fxg6 35. h3 c5 36. Qe8+ Kh7 37. Qxa4 Qe6 38. Qg4 Qd6 39. Qf3 Qe6 40.
Qf4 Qd5 41. Qe5 Qd1+ 42. Kh2 Qd7 43. a4 g5 44. a5 bxa5 45. Qxc5 a4 46. Qe5 Qb7
47. Qd4 Qc6 48. Qxg7# 1-0

[Event "Titled Tue 27th May Late"]
[Site "chess.com INT"]
[Date "2025.05.27"]
[Round "2"]
[White "Hariharan, Shambavi"]
[Black "Bahmani, Koorosh"]
[Result "1-0"]
[WhiteTitle "WCM"]
[BlackTitle "CM"]
[WhiteElo "1892"]
[BlackElo "2208"]
[WhiteFideId "488160"]
[BlackFideId "42576750"]
[EventDate "2025.05.27"]

1. d4 d5 2. c4 c6 3. Nf3 Nf6 4. Nc3 e6 5. cxd5 exd5 6. g3 Bd6 7. Bg2 O-O 8. O-O
Bf5 9. Nh4 Be6 10. a3 Nbd7 11. b4 Nb6 12. Bg5 Nc4 13. e4 dxe4 14. Nxe4 Be7 15.
Nxf6+ Bxf6 16. Bxf6 Qxf6 17. Qe2 Rfe8 18. Rfe1 Qxd4 19. Rad1 Qf6 20. a4 Rad8 21.
b5 Rxd1 22. Rxd1 Rc8 23. bxc6 bxc6 24. Rc1 Ne5 25. f4 Ng4 26. h3 Qd4+ 27. Kh1
Nf2+ 28. Kh2 c5 29. Nf3 Qxa4 30. Qxf2 Qb5 31. Ne5 a5 32. Bf1 Qb4 33. Nd3 Qa3 34.
Rxc5 Rxc5 35. Qxc5 Qa2+ 36. Qf2 Qa4 37. Qd2 Qa3 38. Bg2 h6 39. Ne5 g6 40. Qd8+
Kg7 41. Qd4 Kg8 42. Qd8+ Kg7 43. Nc6 1-0

[Event "Titled Tue 27th May Late"]
[Site "chess.com INT"]
[Date "2025.05.27"]
[Round "2"]
[White "Grot, Blazej"]
[Black "Nguyen, Ngoc Truong Son"]
[Result "0-1"]
[WhiteTitle "CM"]
[BlackTitle "GM"]
[WhiteElo "2217"]
[BlackElo "2632"]
[WhiteFideId "21835845"]
[BlackFideId "12401110"]
[EventDate "2025.05.27"]

1. e4 e5 2. Nf3 Nc6 3. Bb5 Nf6 4. O-O Nxe4 5. d4 Nd6 6. dxe5 Nxb5 7. a4 Na3 8.
Nxa3 Be7 9. Re1 O-O 10. Nc4 d5 11. exd6 cxd6 12. Ne3 Be6 13. Nd5 Bf6 14. Nxf6+
Qxf6 15. h3 h6 16. c3 Ne5 17. Nd4 Rad8 18. Be3 Qg6 19. Kh2 a6 20. Nf3 Qf6 21.
Nd4 Rfe8 22. Ne2 Nc4 23. Bd4 Qg5 24. b3 Ne5 25. Ng3 f5 26. Qc1 f4 27. Ne4 Qh4
28. Bxe5 dxe5 29. f3 Bf5 30. Qc2 Rd7 31. Rad1 Red8 32. Rxd7 Rxd7 33. Rd1 Bxe4
34. fxe4 Qg3+ 35. Kh1 Rf7 36. Rf1 f3 37. Qf2 fxg2+ 38. Qxg2 Qxc3 39. Rxf7 Kxf7
40. Qf2+ Kg8 41. Qb6 Qxh3+ 42. Kg1 Qg4+ 43. Kf1 Qf3+ 44. Kg1 Qxe4 45. Qd8+ Kh7
46. Qe7 b5 47. axb5 axb5 48. Qe6 Qg6+ 49. Qxg6+ Kxg6 0-1

[Event "Titled Tue 27th May Late"]
[Site "chess.com INT"]
[Date "2025.05.27"]
[Round "2"]
[White "Yang, Kaiqi"]
[Black "Medina Paz, Miguel"]
[Result "1-0"]
[WhiteTitle "GM"]
[BlackTitle "IM"]
[WhiteElo "2481"]
[BlackElo "2368"]
[WhiteFideId "8604398"]
[BlackFideId "7300379"]
[EventDate "2025.05.27"]

1. e4 c5 2. Nf3 Nc6 3. Bb5 g6 4. Bxc6 dxc6 5. d3 Bg7 6. h3 Nf6 7. Nc3 Nd7 8. Be3
e5 9. Qd2 Qe7 10. Bh6 Bxh6 11. Qxh6 Qf8 12. Qd2 Qd6 13. O-O O-O 14. Nh2 Re8 15.
f4 exf4 16. Rxf4 Ne5 17. Raf1 Re7 18. Rf6 Re6 19. R6f4 Bd7 20. Kh1 Rf8 21. b3 b5
22. Nd1 Re7 23. Ne3 f6 24. Qf2 Ref7 25. Nhg4 Nxg4 26. hxg4 Qe5 27. Kg1 Kg7 28.
g3 h5 29. gxh5 Qxh5 30. Rh4 Qg5 31. Kg2 Rh8 32. Rfh1 Rff8 33. Rxh8 Rxh8 34. Rxh8
Kxh8 35. a4 Kg7 36. Qf4 Qh5 37. g4 Qe5 38. Qxe5 fxe5 39. g5 bxa4 40. bxa4 Be6
41. a5 Kf7 42. Kf3 Ke7 43. Ke2 Kd6 44. Kd2 Kc7 45. Kc3 Kd6 46. Ng2 Ke7 47. Nh4
Bf7 48. Nf3 Kd6 49. Nd2 Be6 50. Nc4+ Bxc4 51. Kxc4 Kd7 52. Kxc5 Kc7 53. c3 Kd7
54. d4 exd4 55. cxd4 Kc7 56. e5 Kd7 57. a6 Kc7 58. e6 Kd8 1-0

[Event "Titled Tue 27th May Late"]
[Site "chess.com INT"]
[Date "2025.05.27"]
[Round "2"]
[White "Eames, Robert S"]
[Black "Shukhman, Anna"]
[Result "0-1"]
[WhiteTitle "FM"]
[BlackTitle "WGM"]
[WhiteElo "2136"]
[BlackElo "2413"]
[WhiteFideId "408743"]
[BlackFideId "54180058"]
[EventDate "2025.05.27"]

1. e4 c5 2. Nf3 d6 3. d4 cxd4 4. Nxd4 Nf6 5. Nc3 g6 6. Be3 Nc6 7. f3 h5 8. Bc4
Bg7 9. Qd2 Bd7 10. O-O-O Ne5 11. Bb3 Rc8 12. Bg5 Nc4 13. Qe2 Qc7 14. Bxf6 Bxf6
15. Nd5 Qc5 16. Nxf6+ exf6 17. Kb1 b5 18. c3 O-O 19. h4 Ne5 20. Qd2 a5 21. g4 a4
22. Bd5 hxg4 23. h5 g5 24. f4 a3 25. fxe5 dxe5 26. Nb3 Qc7 27. h6 axb2 28. h7+
Kh8 29. Qf2 f5 30. exf5 Qxc3 31. Qxb2 Bxf5+ 32. Ka1 Qxb2+ 33. Kxb2 Rc2+ 34. Ka3
g3 35. Rhg1 Kxh7 36. Rxg3 f6 37. Rc1 Rf2 38. Rh1+ Kg6 39. Rc3 e4 40. Kb4 Re8 41.
Re3 g4 42. Rhe1 Kg5 43. Bxe4 Bxe4 44. Rxe4 Rxe4+ 45. Rxe4 g3 46. Nd4 g2 47. Re1
Rf1 48. Nf3+ Kf4 0-1

[Event "Titled Tue 27th May Late"]
[Site "chess.com INT"]
[Date "2025.05.27"]
[Round "2"]
[White "Idani, Pouya"]
[Black "Ismagilov, Damir"]
[Result "1-0"]
[WhiteTitle "GM"]
[BlackTitle "CM"]
[WhiteElo "2630"]
[BlackElo "2173"]
[WhiteFideId "12510130"]
[BlackFideId "34199982"]
[EventDate "2025.05.27"]

1. f4 d5 2. Nf3 Nf6 3. g3 g6 4. Bg2 Bg7 5. O-O O-O 6. d3 c5 7. c3 Nc6 8. Na3 b6
9. Qa4 Bd7 10. Qc2 d4 11. Ne5 Rc8 12. Nxd7 Qxd7 13. e4 dxe3 14. Bxe3 Nd4 15. Qd1
Nf5 16. Bf2 h5 17. h3 e6 18. Nc4 Nd5 19. Qf3 Rfd8 20. g4 hxg4 21. hxg4 Nh6 22.
Rad1 Qc7 23. Ne5 Nxf4 24. Nc6 Nxg2 25. Nxd8 Rxd8 26. Kxg2 Rd5 27. Be3 Qd7 28.
Bf4 g5 29. Bg3 f5 30. gxf5 exf5 31. c4 Rd4 32. Rde1 f4 33. Bf2 g4 34. Qa8+ Kh7
35. Bxd4 f3+ 36. Kh1 g3 37. Qe4+ Kg8 38. Qe8+ Qxe8 39. Rxe8+ Kh7 40. Bxg7 g2+
41. Kg1 gxf1=Q+ 42. Kxf1 Kxg7 43. Kf2 Nf5 44. Ra8 Nd4 45. Rxa7+ Kf6 46. Rb7 Kf5
47. Rxb6 Ke5 48. a4 1-0

[Event "Titled Tue 27th May Late"]
[Site "chess.com INT"]
[Date "2025.05.27"]
[Round "2"]
[White "Karamsetty, Jeevan"]
[Black "Bogaudinov, Rushan"]
[Result "1-0"]
[WhiteTitle "FM"]
[BlackTitle "FM"]
[WhiteElo "2244"]
[BlackElo "1912"]
[WhiteFideId "2025337"]
[BlackFideId "4129288"]
[EventDate "2025.05.27"]

1. e4 c5 2. Nc3 e6 3. f4 a6 4. Nf3 b5 5. d3 Bb7 6. g3 d5 7. exd5 exd5 8. Bg2 Nf6
9. O-O Be7 10. d4 O-O 11. Ne5 Nbd7 12. Be3 cxd4 13. Bxd4 Nc5 14. a3 Rc8 15. Qe2
Qc7 16. Rad1 Rfe8 17. Rfe1 Nce4 18. Nxe4 dxe4 19. c3 Rcd8 20. b4 h5 21. Qf2 Qc8
22. h3 Bf8 23. Kh2 Nd7 24. Bxe4 Bxe4 25. Rxe4 Nxe5 26. fxe5 Qe6 27. Rf1 Rd7 28.
Rh4 g6 29. Rf4 Bg7 30. Re1 Rc8 31. Rf3 Rc4 32. Qg2 Rc8 33. Qf2 Rc4 34. Qe3 Rc8
35. Qe4 Re8 36. Qf4 Rc8 37. Ref1 Re8 38. Qg5 Rf8 39. R1f2 Re8 40. g4 hxg4 41.
hxg4 Rc8 42. Rh3 Rc4 43. Rhf3 Rc8 44. Kg1 Rc4 45. Rh2 Rcxd4 46. cxd4 Rxd4 47.
Rg2 Bxe5 48. Qc1 Kg7 49. g5 Rc4 50. Qf1 Rh4 51. Rgf2 Qg4+ 52. Qg2 Bd4 53. Kf1 1-0

[Event "Titled Tue 27th May Late"]
[Site "chess.com INT"]
[Date "2025.05.27"]
[Round "2"]
[White "Storn, Justin"]
[Black "Ghimoyan, Narek"]
[Result "0-1"]
[BlackTitle "CM"]
[WhiteElo "2073"]
[BlackElo "2273"]
[WhiteFideId "30922720"]
[BlackFideId "13315412"]
[EventDate "2025.05.27"]

1. Nf3 c5 2. g3 Nf6 3. Bg2 g6 4. O-O Bg7 5. c4 O-O 6. Nc3 Nc6 7. d4 cxd4 8. Nxd4
d6 9. Nxc6 bxc6 10. Bxc6 Bh3 11. Re1 Rc8 12. Bb5 Qb6 13. Nd5 Nxd5 14. Qxd5 a6
15. Ba4 Be6 16. Qf3 Bxc4 17. Bb3 Bxb3 18. axb3 Rc6 19. Ra3 Rfc8 20. Be3 Qb4 21.
Rb1 h5 22. Bg5 Qb7 23. Qd3 e6 24. Be3 d5 25. Bd4 Rc1+ 26. Rxc1 Rxc1+ 27. Kg2 e5
28. Qxa6 Qxa6 29. Rxa6 exd4 30. Ra8+ Bf8 31. Ra5 Rc2 32. Rxd5 Rxb2 33. Rxd4 Rxb3
34. e3 Rb2 35. Kf3 Kg7 36. Rd1 Bb4 37. h4 Ba5 38. Rc1 Rb6 39. Ra1 Rf6+ 40. Kg2
Bb6 41. Rb1 Re6 42. Rc1 Kf6 43. Rb1 Kf5 44. Rb4 Rc6 45. Kf3 Ke6 46. Re4+ Kf6 47.
Rb4 Bc7 48. Re4 Rc2 49. Ra4 Bd6 50. Ra6 Ke6 51. Ra5 f6 52. Ra6 Kf5 53. Rb6 Ke6
54. Rb5 Rc5 55. Rb6 Rf5+ 56. Kg2 Rd5 57. Kf3 Rd2 58. Rb5 Be5 59. Rb6+ Kd5 60.
Rb4 Kc5 61. Ra4 Kb5 62. Ra8 Kc4 63. Rg8 Kd3 64. Rxg6 Ra2 65. Rh6 Kd2 66. Rxh5
Ke1 67. Kg4 Rxf2 68. Rf5 Rg2 69. Rf3 Ke2 70. h5 Rh2 71. Rf5 Rh1 72. Rf3 Rh2 73.
Rf5 Kxe3 74. Rf3+ Ke4 75. Rf1 Rg2 76. Re1+ Kd5 77. h6 Rxg3+ 78. Kf5 Rg5# 0-1

[Event "Titled Tue 27th May Late"]
[Site "chess.com INT"]
[Date "2025.05.27"]
[Round "2"]
[White "Srinath, Rao S.V."]
[Black "Naroditsky, Daniel"]
[Result "1/2-1/2"]
[WhiteTitle "IM"]
[BlackTitle "GM"]
[WhiteElo "2299"]
[BlackElo "2619"]
[WhiteFideId "5028876"]
[BlackFideId "2026961"]
[EventDate "2025.05.27"]

1. d4 Nf6 2. Nc3 d5 3. Bf4 a6 4. e3 h6 5. Nf3 Bg4 6. Be2 e6 7. Ne5 Bxe2 8. Qxe2
c5 9. O-O cxd4 10. exd4 Be7 11. Rae1 O-O 12. Nd1 Nc6 13. c3 Nxe5 14. Bxe5 Nd7
15. Bg3 b5 16. Ne3 Re8 17. f4 f5 18. Nd1 Bd6 19. Nf2 Nf6 20. Qf3 Ne4 21. Nd3 Qc7
22. Re2 a5 23. Be1 Qc4 24. g4 b4 25. b3 Qb5 26. cxb4 axb4 27. Rg2 Qb6 28. Qe3
fxg4 29. Rxg4 Rxa2 30. Ne5 Nf6 31. Rg6 Kh7 32. Kh1 Bxe5 33. fxe5 Kxg6 34. exf6
gxf6 35. Rg1+ Kf7 36. Qxh6 Ke7 37. Rg7+ Kd8 38. Qxf6+ Kc8 39. Bg3 Ra7 40. Qg6
Qb5 41. Qc2+ Kd8 42. Bh4+ Rae7 43. Bxe7+ Rxe7 44. Rg8+ Re8 45. Rxe8+ Kxe8 46.
Kg2 Kf7 47. Qh7+ Kf6 48. Qh6+ Ke7 49. Qg7+ Ke8 50. Qg8+ Ke7 51. Qg7+ Kd6 52.
Qf8+ Kd7 53. Qf7+ Kd6 54. Qf8+ Kd7 55. Qf7+ Kd6 56. Qf8+ 1/2-1/2

[Event "Titled Tue 27th May Late"]
[Site "chess.com INT"]
[Date "2025.05.27"]
[Round "2"]
[White "Burmakin, Vladimir"]
[Black "Weidenhoefer, Max"]
[Result "1-0"]
[WhiteTitle "GM"]
[BlackTitle "CM"]
[WhiteElo "2435"]
[BlackElo "2171"]
[WhiteFideId "4105109"]
[BlackFideId "16230566"]
[EventDate "2025.05.27"]

1. d4 d5 2. Nf3 Nf6 3. g3 e6 4. Bg2 Be7 5. c4 c6 6. O-O O-O 7. b3 b6 8. Ne5 Bb7
9. Nc3 c5 10. dxc5 bxc5 11. cxd5 exd5 12. Nd3 Na6 13. Ba3 Qd7 14. Rc1 Rac8 15.
Bb2 Rfe8 16. Nf4 Nc7 17. Na4 Ne6 18. Nxe6 fxe6 19. Ba3 c4 20. Bxe7 Qxe7 21. bxc4
dxc4 22. Bxb7 Qxb7 23. Nc3 Red8 24. Qc2 h6 25. Rb1 Qc6 26. Rfc1 Nh7 27. h4 Nf6
28. Rb4 Nd5 29. Rb2 Qc5 30. Qg6 Qe7 31. Ne4 Rf8 32. a3 Rf7 33. Rbc2 Nb6 34. Rc3
Rff8 35. Kg2 Rfd8 36. Rf3 Rc7 37. Nf6+ Kf8 38. Nd7+ Kg8 39. Nf6+ Kf8 40. Nd5+
Qf7 41. Rxf7+ Rxf7 42. Nxb6 axb6 43. Rxc4 Rf6 44. Qe4 Rd5 45. Rc6 Kf7 46. Rxb6
h5 47. Rb7+ Kg8 48. a4 Ra5 49. Rb5 Ra6 50. Rxh5 1-0

[Event "Titled Tue 27th May Late"]
[Site "chess.com INT"]
[Date "2025.05.27"]
[Round "2"]
[White "Hoeffer, David"]
[Black "Steinberg, Nitzan"]
[Result "0-1"]
[WhiteTitle "FM"]
[BlackTitle "GM"]
[WhiteElo "2295"]
[BlackElo "2554"]
[WhiteFideId "24606766"]
[BlackFideId "2801795"]
[EventDate "2025.05.27"]

1. d4 Nf6 2. Nc3 d5 3. Bf4 e6 4. Nb5 Na6 5. e3 c6 6. Nc3 Bb4 7. Bxa6 bxa6 8. Nf3
O-O 9. O-O a5 10. Ne5 Qe8 11. a3 Bxc3 12. bxc3 Ba6 13. Re1 Ne4 14. c4 f6 15. Nd3
Bxc4 16. Nc5 Nxc5 17. dxc5 e5 18. Bg3 Qe7 19. Qg4 Rae8 20. Reb1 Rf7 21. h4 f5
22. Qf3 Qxc5 23. h5 h6 24. Rb2 a4 25. Rab1 Bb5 26. Rb4 Qxc2 27. Rxb5 cxb5 28.
Rxb5 Qe4 29. Qd1 f4 30. Rb4 d4 31. exf4 exf4 32. Bh4 Rd7 33. Qxa4 Qd5 34. Rb5
Qf7 35. f3 d3 36. Rb1 d2 37. Rd1 Rc8 38. Kh2 Rc4 39. Qb5 Qd5 40. Qb8+ Kh7 41.
Qe8 Qf5 42. Be1 Rcd4 43. Bf2 R4d5 44. Kg1 Qxh5 45. Qe4+ Qf5 46. Qc4 a5 47. a4
Qg6 48. Qxf4 Qd3 49. Qg4 Qc2 50. Kh2 Qd3 51. Bg3 Qg6 52. Qf4 Rc5 53. Qb8 Rc1 54.
Rxd2 Rxd2 55. Bf4 Qxg2# 0-1

[Event "Titled Tue 27th May Late"]
[Site "chess.com INT"]
[Date "2025.05.27"]
[Round "2"]
[White "Brancaleoni, Maurizio"]
[Black "Goryachkina, Aleksandra"]
[Result "0-1"]
[WhiteTitle "FM"]
[BlackTitle "GM"]
[WhiteElo "2185"]
[BlackElo "2544"]
[WhiteFideId "803022"]
[BlackFideId "4147103"]
[EventDate "2025.05.27"]

1. Nf3 c5 2. c4 Nc6 3. e3 Nf6 4. Nc3 g6 5. d4 cxd4 6. exd4 d5 7. cxd5 Nxd5 8.
Qb3 Nxc3 9. Bc4 Nd5 10. Bxd5 e6 11. Bxc6+ bxc6 12. O-O Bg7 13. Qc3 O-O 14. Bf4
Qd5 15. Rfc1 Bb7 16. Be5 f6 17. Bf4 g5 18. Be3 g4 19. Nd2 c5 20. f3 cxd4 21.
Qxd4 Qxd4 22. Bxd4 Rfd8 23. Bc3 Bh6 24. Rd1 Be3+ 25. Kf1 Ba6+ 26. Ke1 f5 27.
fxg4 Rd3 28. Nb3 fxg4 29. Bd4 Bf4 30. g3 Bg5 31. Nc5 Rxd1+ 32. Rxd1 Bc4 33. b3
Bd5 34. Nd7 Kf7 35. Ne5+ Ke8 36. Bb2 Rc8 37. Nd3 Rc2 38. Bc1 Bf6 39. Bd2 Be4 40.
Nf4 Rxa2 41. Ne2 Bf3 42. Rc1 Rb2 43. Ng1 Bd5 44. Bc3 Bxc3+ 45. Rxc3 Rxh2 46. Kf1
Rb2 47. Ke1 Rxb3 48. Rc5 Rxg3 49. Ne2 Re3 50. Kd2 Rf3 51. Nd4 Rf2+ 52. Ke3 g3
53. Rc7 Rf7 54. Rc5 g2 0-1